Информационно-предметное обеспечение учебных дисциплин бакалавриата и магистратуры: учебно-методическое пособие

Bibliographische Detailangaben
1. Verfasser: Логинова Н. А.
Körperschaft: Санкт-Петербургский государственный экономический университет (СПбГЭУ)
Zusammenfassung:В учебно-методическом пособии рассмотрены наиболее актуальные для современного преподавателя вопросы — подготовка учебно-методических изданий, соответствующих требованиям ФГОС ВПО (III поколение). Многолетний опыт автора в преподавании и участии в курсах повышения квалификации преподавателей в качестве руководителя программ и лектора представлен в разделах учебно-методического издания, посвященных вопросам разработки: рабочих учебных планов, рабочей программы учебной дисциплины, методических рекомендаций к изучению учебной дисциплины, учебного пособия, учебника, практикума, ситуаций для анализа, рабочей тетради. Для преподавателей высших учебных заведений, слушателей курсов повышения квалификации.
Sprache:Russisch
Veröffentlicht: Москва, Инфра-М, 2014
Schriftenreihe:Высшее образование
Schlagworte:
Format: MixedMaterials Buch
KOHA link:https://koha.lib.tpu.ru/cgi-bin/koha/opac-detail.pl?biblionumber=257677

MARC

LEADER 00000nam0a2200000 4500
001 257677
005 20231101233227.0
010 |a 9785160098593 
035 |a (RuTPU)RU\TPU\book\280494 
090 |a 257677 
100 |a 20140418d2014 m y0rusy50 ca 
101 0 |a rus 
102 |a RU 
105 |a a j 001zy 
200 1 |a Информационно-предметное обеспечение учебных дисциплин бакалавриата и магистратуры  |e учебно-методическое пособие  |f Н. А. Логинова  |g Санкт-Петербургский государственный экономический университет (СПбГЭУ) 
210 |a Москва  |c Инфра-М  |d 2014 
215 |a 124 с.  |c ил. 
225 1 |a Высшее образование 
320 |a Библиогр.: с. 123. 
330 |a В учебно-методическом пособии рассмотрены наиболее актуальные для современного преподавателя вопросы — подготовка учебно-методических изданий, соответствующих требованиям ФГОС ВПО (III поколение). Многолетний опыт автора в преподавании и участии в курсах повышения квалификации преподавателей в качестве руководителя программ и лектора представлен в разделах учебно-методического издания, посвященных вопросам разработки: рабочих учебных планов, рабочей программы учебной дисциплины, методических рекомендаций к изучению учебной дисциплины, учебного пособия, учебника, практикума, ситуаций для анализа, рабочей тетради. Для преподавателей высших учебных заведений, слушателей курсов повышения квалификации. 
606 1 |a Высшие учебные заведения  |x Организация преподавания  |2 stltpush  |3 (RuTPU)RU\TPU\subj\4004  |9 32320 
610 1 |a высшее образование 
610 1 |a бакалавры 
610 1 |a магистратура 
610 1 |a информационное обеспечение 
610 1 |a предметное содержание 
610 1 |a учебные планы 
610 1 |a образовательный процесс 
610 1 |a рабочая программа 
610 1 |a учебники 
610 1 |a методические рекомендации 
610 1 |a учебные дисциплины 
610 1 |a практикумы 
610 1 |a подготовка 
610 1 |a самостоятельная работа 
610 1 |a студенты 
610 1 |a преподаватели 
610 1 |a преподавательская деятельность 
610 1 |a рабочие тетради 
610 1 |a написание 
610 1 |a учебные пособия 
686 |a Ч481.22я73  |v LBC/SL-A  |2 rubbk 
700 1 |a Логинова  |b Н. А. 
712 0 2 |a Санкт-Петербургский государственный экономический университет (СПбГЭУ)  |2 stltpush  |3 (RuTPU)RU\TPU\col\18811 
801 1 |a RU  |b 63413507  |c 20140418 
801 2 |a RU  |b 63413507  |c 20140902  |g RCR 
942 |c BK 
959 |a 73/20140416  |d 1  |e 199,90  |f ЧЗГЛ:1